|
|
|
|
| LEADER |
00000csc a2200000 a 4500 |
| 001 |
25479-2 |
| 005 |
20230308214401.0 |
| 008 |
997102|1996 ||||||||r|||||||||||spa|| |
| 020 |
|
|
|a 9701010981
|
| 040 |
|
|
|b spa
|
| 041 |
1 |
|
|a spa
|
| 082 |
0 |
|
|a 616.6
|
| 245 |
|
|
|a Urodinamica I
|c Timothy B. Boone editor; Pablo Sánchez Creus traductor
|h imp
|n 2/4
|
| 264 |
|
|
|a México
|b McGraw-Hill Interamericana
|c 1996
|
| 300 |
|
|
|a VIII, pp 185-349
|b ilu
|
| 300 |
|
|
|c 26x17 cm
|
| 310 |
|
|
|a Trimestral
|
| 490 |
|
|
|a Clínicas de Urología de Norteamérica
|v volumen 2/4
|
| 504 |
|
|
|a incl. ref.
|
| 650 |
1 |
|
|a Urodinamica
|9 296644
|
| 650 |
|
|
|a Tracto urinario inferior
|9 297657
|
| 650 |
|
|
|a Órganos de la micción
|9 297658
|
| 650 |
|
|
|a Micción
|9 296643
|
| 650 |
|
|
|a Músculo liso
|9 118846
|
| 650 |
|
|
|a Continencia
|9 296642
|
| 650 |
|
|
|a Flujometría urinaria
|9 297659
|
| 650 |
|
|
|a Cistometría
|9 297660
|
| 650 |
|
|
|a Escape de orina
|9 297661
|
| 650 |
|
|
|a Presiones uretrales
|9 297662
|
| 650 |
|
|
|a Electromigrafía del suelo perineal
|9 297663
|
| 650 |
|
|
|a Videourodinámicos
|9 297664
|
| 650 |
|
|
|a Autocistoplastia de aumento
|9 297665
|
| 700 |
|
|
|a Boone Timothy B
|e editor
|9 297666
|
| 700 |
|
|
|a Sánchez Creus, Pablo
|e traductor
|9 215773
|
| 773 |
|
|
|t Urodinámica I
|
| 852 |
|
|
|a UC-SALUD
|c ESTANTERIA ABIERTA
|f Compra
|k teresa.bermeoh
|l 1
|m General
|p 19971024/20130520
|q S/. 205.000
|t 25479-2
|b 0
|d CDRS
|e CDRS
|g 616.6 ESTANTERIA ABIERTA
|z 1997-71-02
|
| 942 |
|
|
|
| 999 |
|
|
|c 128499
|d 128499
|